00715 2200193 4500001002100000005001700021008004100038035002400079082001000103090001900113100001900132245012500151260010100276300004500377500001600422504002900438650003600467990001800503YOGYA-0213000000009820130205090403.0 ind  0010-021300000000098 a510.7 aSK 510.7 Bam I aBAMBANG WATANA aIdentifikasi kesalahan siswa dalam pembelajaran matematika kelas II SLTPN 1 Godean Sleman/cdisusun oleh Bambang Watana. aYogyakarta :bFakultas Matematika dan Ilmu Pengetahuan Alam Universitas Negeri Yogyakartac2003. ax, 49(25) lbr. :bilus., lamp. ;c29 cm. aSkripsi UNY aBibliografi : lbr. 48-49 aMatematika-studi dan pengajaran a43390-PD/A.12